000 01059nam a22003137a 4500
003 CHAP
005 20220329135457.0
008 971013s1982 r 00010 d
010 _a37202
011 _a38174
035 _a42294
040 _cCHAP
090 _aFolleto 7766 (1981-82)
110 1 _aMéxico. Dirección General de Economía Agrícola
_976976
245 1 0 _aPrograma siembra-exportación de calabacita :
_btemporada 1981-82
260 _aMéxico. D.F. :
_bLa Dirección,
_c1982
300 _a23 p.
_b; gráfs.
590 _aBATCH-UPD
_b10
_c20130110
_lUCH01
_h0315
590 _aBATCH-UPD
_b10
_c20130110
_lUCH01
_h1921
590 _aBATCH-UPD
_b10
_c20130409
_lUCH01
_h2348
590 _aBATCH-UPD
_b10
_c20130914
_lUCH01
_h0813
590 _aCONVERSION
_b10
_c20130109
_lUCH01
_h1321
650 1 4 _aCalabaza
_xFechas de siembra.
_917271
650 1 4 _aCalabaza
_xMercadeo.
_917284
650 1 4 _aExportación e importación
_zMéxico.
_939119
901 _aBK
942 _cFOLL
949 _aFolleto 7766 (1981-82)
_bBC
_cFOLL
_d-97418
_eTS1
_i42294
_mD
_si
999 _c37202
_d37202